| 000 | 00770cab a2200229 4500 | ||
|---|---|---|---|
| 001 | X3656 | ||
| 008 | 090401t1996 xxu||||| |||| 00| 0 eng d | ||
| 035 | _a(Sirsi) u31890 | ||
| 041 | _aeng | ||
| 100 | _aFlaxman, R. | ||
| 245 | 2 | _aA new start for professional indemnity insurance | |
| 260 | _c1996 | ||
| 350 | _a0 | ||
| 490 |
_aCSM (Chartered Surveyor Monthly) _v5(9) June 1996, 31(1) |
||
| 520 | _aOutlines the role of Miller Professional Liabilites Ltd, appointed by the RICS as its advisor on PII. Tel: 0171 334 3825/6/7. | ||
| 650 | _aMILLER PROFESSIONAL LIABILITIES LTD | ||
| 650 | _aPROFESSIONAL INDEMNITY INSURANCE | ||
| 690 |
_aINSURANCE _96249 |
||
| 690 | _aMANAGEMENT-BUSINESS MANAGEMENT-PROFESSIONAL PRACTICE | ||
| 942 | _n0 | ||
| 948 | _c04/03/1997 | ||
| 999 |
_c21400 _d21400 |
||